02551naa a2200277 a 450000100080000000500110000800800410001910000170006024501020007726000090017952017020018865000110189065000120190165300270191365300220194065300250196265300270198765300270201465300300204165300350207170000160210670000200212270000220214270000180216477300910218220459592017-12-29 2016 bl uuuu u00u1 u #d1 aPANZIERA, W. aTimpanismo em bovinos, secundário à obstrução esofágica por Citrus limon (limão siciliano). c2016 aTimpanismo ruminal consiste na distensão acentuada do rúmen e retículo, devido a incapacidade do animal em expulsar gases produzidos durante o processo fisiológico da fermentação. O timpanismo pode ser ocasionado de forma primária, por formação de espuma estável, ou secundária, devido a anormalidades funcionais e/ou físicas que interferem na eructação. Nesse trabalho, são descritos os aspectos epidemiológicos, clínicos e anatomopatológicos da ocorrência de timpanismo secundário em bovinos, decorrente da obstrução esofágica aguda por limões sicilianos. Cinco bovinos, de um lote de 210, foram afetados. Os bovinos eram suplementados com resíduo de tangerina (Citrus reticulata) no cocho e na última carga desse subproduto, havia limões sicilianos inteiros misturados ao resíduo. Os cinco animais afetados eram da raça Aberdeen Angus e tinham entre 12-24 meses de idade. Todos apresentaram tuada dispneia e taquicardia, atonia ruminal, desidratação, decúbito e morte. O curso clínico variou entre 24 a 48 horas. Na necropsia, os cinco bovinos apresentavam grave obstrução esofágica por limões nas porções: cranial (logo após a laringe [1/5]), porção medial (entrada do tórax [1/5]) e final (próximo ao cárdia [3/5]). Nas áreas de oclusão, observou-se extensa necrose e ulceração da mucosa esofágica. O conteúdo ruminal dos bovinos estava seco e misturado com limões inteiros. No esôfago de dois animais havia linha de timpanismo. As lesões histológicas eram visualizadas principalmente no esôfago, na região da obstrução, onde se evidenciaram alterações degenerativas, necróticas e ulcerativas acentuadas no revestimento epitelial. aBovino aDoença aDigestive disturbances aDisease of cattle aDistúrbio digestivo aEsophageal obstruction aObstrução esofágica aSecondary ruminal timpany aTimpanismo ruminal secundário1 aKONRADT, G.1 aBASSUINO, D. M.1 aGONÇALVES, M. A.1 aDRIEMEIER, D. tPesquisa Veterinária Brasileira, Rio de Janeirogv. 36, n. 5, p. 397-400, maio. 2016.